The AutoCAD 2000 tutor for engineering graphics / (Record no. 15253)
[ view plain ]
| 000 -LEADER | |
|---|---|
| fixed length control field | 00387cam a22001334a 4500 |
| 020 ## - ISBN | |
| International Standard Book Number | 0766812383 (pbk./CDROM) |
| 050 00 - LIBRARY OF CONGRESS CALL NUMBER | |
| Classification Number | T357 |
| Item Number | .K 35 |
| 100 1# - MAIN ENTRY--Author | |
| Personal name | Kalameja, Alan J. |
| 245 14 - TITLE | |
| Title | The AutoCAD 2000 tutor for engineering graphics / |
| Statement of responsibility, etc | Alan J. Kalameja. |
| 260 ## - PUBLICATION, DISTRIBUTION, ETC.(IMPRINT) | |
| Place of publication, distribution, etc | Albany, NY : |
| Name of publisher, distributor, etc | Autodesk Press, |
| Date of publication, distribution, etc | c2000. |
| 300 ## - PHYSICAL DESCRIPTION | |
| Extent | xxxii, 1371 p. : |
| 500 ## - GENERALNOTE | |
| General note | Includes index. |
| 942 ## - ADDED ENTRY ELEMENTS(KOHA) | |
| Source of classification or shelving scheme | Library of Congress Classification |
| Koha item type | General circulation |
| Source of classification or shelving scheme | Not for loan | Location (home branch) | Sublocation (holding branch) | Shelving location | Date accessioned | Full call number | Barcode | Koha item type |
|---|---|---|---|---|---|---|---|---|
| Library of Congress Classification | Main Campus Library | Main Campus Library | 22/06/2016 | T357 .K 35 | 2016/019117 | General circulation | ||
| Library of Congress Classification | Main Campus Library | Main Campus Library | 09/03/2017 | NBM T357 .K 35 | 2015/005484 | CD/DVD-ROMs |